<?xml version="1.0" encoding="UTF-8"?>
<record
    xmlns:xsi="http://www.w3.org/2001/XMLSchema-instance"
    xsi:schemaLocation="http://www.loc.gov/MARC21/slim http://www.loc.gov/standards/marcxml/schema/MARC21slim.xsd"
    xmlns="http://www.loc.gov/MARC21/slim">

  <leader>01318nam a22001937a 4500</leader>
  <controlfield tag="005">20230805104049.0</controlfield>
  <controlfield tag="008">230805b           ||||| |||| 00| 0 eng d</controlfield>
  <datafield tag="020" ind1=" " ind2=" ">
    <subfield code="a">9789353026028</subfield>
  </datafield>
  <datafield tag="040" ind1=" " ind2=" ">
    <subfield code="c">AL</subfield>
  </datafield>
  <datafield tag="041" ind1=" " ind2=" ">
    <subfield code="a">eng</subfield>
  </datafield>
  <datafield tag="082" ind1=" " ind2=" ">
    <subfield code="2">23</subfield>
    <subfield code="a">741.59411</subfield>
    <subfield code="b">DHAH</subfield>
  </datafield>
  <datafield tag="100" ind1=" " ind2=" ">
    <subfield code="a">Vish Dhamija</subfield>
    <subfield code="9">129451</subfield>
  </datafield>
  <datafield tag="245" ind1=" " ind2=" ">
    <subfield code="a">Heist Artist</subfield>
  </datafield>
  <datafield tag="260" ind1=" " ind2=" ">
    <subfield code="a">Noida, Uttar Pradesh</subfield>
    <subfield code="b">HarperCollins Publishers</subfield>
    <subfield code="c">2019</subfield>
  </datafield>
  <datafield tag="300" ind1=" " ind2=" ">
    <subfield code="a">264p.</subfield>
    <subfield code="b">PB</subfield>
    <subfield code="c">19.7x13cm.</subfield>
  </datafield>
  <datafield tag="520" ind1=" " ind2=" ">
    <subfield code="a">Vagh Pratap Singh aka the Captain is a conman extraordinaire. From transporting illegal merchandise and stealing cars to breaking safes, he's done it all. But now, in his fortieth year, he's ready to retire. So when Udham Kumar, a crooked politician from Uttar Pradesh, commissions the Captain to track down and steal Poppy Flowers, a Vincent van Gogh's painting that has been smuggled into India after it went missing in a museum in Egypt in 2010, the Captain knows that he's found his last, and biggest case. But the painting is now in possession of a dangerous gangster, and the Captain is being followed by Udham Kumar's ruthless associates, greedy for both money and power. As the odds against him begin to stack up, the Captain realizes that his last heist might not be as easy as he'd imagined.</subfield>
  </datafield>
  <datafield tag="650" ind1=" " ind2=" ">
    <subfield code="2">Graphic Arts</subfield>
    <subfield code="a">Drawing and Drawings</subfield>
    <subfield code="9">129452</subfield>
  </datafield>
  <datafield tag="942" ind1=" " ind2=" ">
    <subfield code="2">ddc</subfield>
    <subfield code="c">BK</subfield>
  </datafield>
  <datafield tag="999" ind1=" " ind2=" ">
    <subfield code="c">228219</subfield>
    <subfield code="d">228219</subfield>
  </datafield>
  <datafield tag="952" ind1=" " ind2=" ">
    <subfield code="0">0</subfield>
    <subfield code="1">0</subfield>
    <subfield code="2">ddc</subfield>
    <subfield code="4">0</subfield>
    <subfield code="7">0</subfield>
    <subfield code="8">MAENG</subfield>
    <subfield code="a">SACPG</subfield>
    <subfield code="b">SACPG</subfield>
    <subfield code="d">2023-08-05</subfield>
    <subfield code="e">Donated Books</subfield>
    <subfield code="l">0</subfield>
    <subfield code="o">741.59411 DHAH</subfield>
    <subfield code="p">PG007930</subfield>
    <subfield code="r">2023-08-05 00:00:00</subfield>
    <subfield code="w">2023-08-05</subfield>
    <subfield code="y">DB</subfield>
  </datafield>
</record>
